Govt. of
Madhya Pradesh

Orissa (Record no. 14212)

MARC details
000 -LEADER
fixed length control field 005140000a22001930004500
001 - CONTROL NUMBER
control field 002300
003 - CONTROL NUMBER IDENTIFIER
control field MACL
005 - DATE AND TIME OF LATEST TRANSACTION
control field 20151003131412.0
008 - FIXED-LENGTH DATA ELEMENTS--GENERAL INFORMATION
fixed length control field 151003b xxu||||| |||| 00| 0 eng d
040 ## - CATALOGING SOURCE
Original cataloging agency MACL
Transcribing agency MACL
041 ## - LANGUAGE CODE
Language code of text/sound track or separate title English
082 ## - DEWEY DECIMAL CLASSIFICATION NUMBER
Classification number 900.541/STE
100 ## - MAIN ENTRY--PERSONAL NAME
Personal name Sterling, Andrew
9 (RLIN) 13420
245 ## - TITLE STATEMENT
Title Orissa
Remainder of title Its Geography , Statistics, History, Religion And Antiquity
Statement of responsibility, etc. Andrew Sterling
260 ## - PUBLICATION, DISTRIBUTION, ETC. (IMPRINT)
Place of publication, distribution, etc. Kolkata
Date of publication, distribution, etc. 2004
Name of publisher, distributor, etc. Prafulla,
350 ## - PRICE (NR) (BK AM CF MU VM SE) [OBSOLETE]
Price 400
650 ## - SUBJECT ADDED ENTRY--TOPICAL TERM
Topical term or geographic name as entry element History
9 (RLIN) 13421
942 ## - ADDED ENTRY ELEMENTS (KOHA)
Call number prefix 901
Koha item type Books
Source of classification or shelving scheme
Holdings
Withdrawn status Lost status Source of classification or shelving scheme Damaged status Not for loan Home library Current library Date acquired Cost, normal purchase price Total Checkouts Full call number Barcode Date last seen Uniform Resource Identifier Price effective from Koha item type
          MACL MACL 15/04/2015 400.00   900.541/STE CRE017373 02/05/2024 14095 15/04/2015 Books